| 000 | 00452nam a22001457a 4500 | ||
|---|---|---|---|
| 999 |
_c19887 _d19887 |
||
| 008 | 240326b ||||| |||| 00| 0 eng d | ||
| 020 | _a2880466970 | ||
| 082 |
_aDC 745.2 _bD65b |
||
| 100 |
_aDowdy, Clare. _955506 |
||
| 245 |
_aBeyond logos : _bnew definitions of corporate identity / _cClare Dowdy. |
||
| 260 |
_aSwitzerland : _bRotovision Book. |
||
| 300 |
_a160 pages : _bcolor illustrations ; _c29 cm. |
||
| 650 |
_aDesign. _955714 |
||
| 942 |
_2ddc _cDC |
||